Cultural Issues In Vernacular Architecture -Built To Meet Needs(Ukp 65) (Record no. 4623)

000 -LEADER
fixed length control field 00296nam a2200109Ia 4500
008 - FIXED-LENGTH DATA ELEMENTS--GENERAL INFORMATION
fixed length control field 200302s9999 xx 000 0 und d
100 ## - MAIN ENTRY--PERSONAL NAME
Personal name Paul Oliver
245 ## - TITLE STATEMENT
Title Cultural Issues In Vernacular Architecture -Built To Meet Needs(Ukp 65)
260 ## - PUBLICATION, DISTRIBUTION, ETC.
Name of publisher, distributor, etc. Elsevier Ltd, NW
260 ## - PUBLICATION, DISTRIBUTION, ETC.
Date of publication, distribution, etc. 2006
300 ## - PHYSICAL DESCRIPTION
Extent 445
Holdings
Withdrawn status Lost status Damaged status Not for loan Permanent Location Current Location Date acquired Cost, normal purchase price Total Checkouts Full call number Barcode Date last seen Date last checked out Price effective from Koha item type Source of classification or shelving scheme
        BMS College of Architecture, Design and Planning BMS College of Architecture, Design and Planning 2020-03-03 6032.00 1 720.103 CL-UG69617 2023-08-31 2023-08-21 2020-03-03 UG Books from CL  
        BMS College of Architecture, Design and Planning BMS College of Architecture, Design and Planning 2020-08-05 6032.00 1 720.103 AR-UG1485 2022-12-16 2022-12-12 2020-03-03 UG Books  
Copyright © 2025, The Librarian, Library and Information Centre, BMSCA D&P, Bengaluru. All Rights Reserved
web counter

Powered by Koha